00571cam a22002171 4500001001300000003000400013005001700017008004100034010001700075025001900092035002000111040001700131042001200148050001700160100002900177245005300206260002100259300001800280600003800298999001700336sa 63003365 DLC20260227111941.0870521s1963 ii 000 0beng  asa 63003365  aPL480:I-E-1579 a(OCoLC)15722914 aDLCcCUdDLC apremarc00aDS385.J5bD91 aDwarkadas, Kanji,d1892-10aRuttie Jinnah;bthe story of a great friendship. a[Bombay,c1963?] a63 p.c22 cm.10aJinnah, Ruttenbai (Petit)d-1929. c55040d55040